| 000 | 00912nam a2200241 i 4500 | ||
|---|---|---|---|
| 001 | 67431 | ||
| 003 | ES-MaACL | ||
| 005 | 20240227152235.0 | ||
| 007 | t| | ||
| 008 | 040526s2003 sp ||||1| spa d | ||
| 020 | _a84-470-1986-1 | ||
| 080 | _a352/353(460)"1985"(094.5) | ||
| 245 | 0 | 0 |
_aComentarios a la ley básica de régimen local _b: (Ley 7/1985, de 2 de abril, reguladora de las Bases del Régimen Local) / _cautores: María José Alonso Mas ... [et al.] ; Manuel J. Domingo Zaballos (coordinador). |
| 250 | _a1ª ed. | ||
| 260 |
_aMadrid : _bCivitas, _c2003. |
||
| 300 |
_a1988 p. ; _c25 cm. |
||
| 650 | 1 | 4 |
_aAdministración local- _zEspaña- _vLegislación. _99635 |
| 700 | 1 |
_aAlonso Mas, María José. _920359 |
|
| 700 | 1 |
_aDomingo Zaballos, Manuel J. _945149 |
|
| 852 |
_aES-MaACL _jA-15284 _9 69947 _cDEPO1 _dOlim: L 352(460)"1985" com _eOlim: Meseton |
||
| 942 | _2udc | ||
| 999 |
_c67431 _d67431 |
||